<?xml version="1.0" encoding="UTF-8"?>
<marc:record xmlns:marc="http://www.loc.gov/MARC21/slim">
   <marc:leader>00000nam a2200000 a 4500</marc:leader>
   <marc:datafield ind1="1" ind2=" " tag="100">
      <marc:subfield code="a">Brown, Lester R.</marc:subfield>
      <marc:subfield code="4">aut</marc:subfield>
      <marc:subfield code="e">Verfasser/-in</marc:subfield>
   </marc:datafield>
   <marc:datafield ind1="1" ind2=" " tag="100">
      <marc:subfield code="a">Müller, Bernd</marc:subfield>
   </marc:datafield>
   <marc:datafield ind1=" " ind2=" " tag="653">
      <marc:subfield code="a">Ernährung</marc:subfield>
   </marc:datafield>
   <marc:datafield ind1=" " ind2=" " tag="653">
      <marc:subfield code="a">Mobilität</marc:subfield>
   </marc:datafield>
   <marc:datafield ind1=" " ind2=" " tag="653">
      <marc:subfield code="a">Atmosphäre</marc:subfield>
   </marc:datafield>
   <marc:datafield ind1=" " ind2=" " tag="653">
      <marc:subfield code="a">Militär</marc:subfield>
   </marc:datafield>
   <marc:datafield ind1=" " ind2=" " tag="653">
      <marc:subfield code="a">Energie</marc:subfield>
   </marc:datafield>
   <marc:datafield ind1=" " ind2=" " tag="653">
      <marc:subfield code="a">Ökonomie</marc:subfield>
   </marc:datafield>
   <marc:datafield ind1=" " ind2=" " tag="653">
      <marc:subfield code="a">Kommunikation</marc:subfield>
   </marc:datafield>
   <marc:datafield ind1="0" ind2="0" tag="245">
      <marc:subfield code="a">Vital Signs 1998</marc:subfield>
   </marc:datafield>
   <marc:datafield ind1="0" ind2="0" tag="245">
      <marc:subfield code="b">the Environmental Trends that are Shaping Our Future</marc:subfield>
   </marc:datafield>
   <marc:datafield ind1=" " ind2="1" tag="264">
      <marc:subfield code="a">New York (u.a.)</marc:subfield>
      <marc:subfield code="b">Norton</marc:subfield>
      <marc:subfield code="c">1998</marc:subfield>
   </marc:datafield>
   <marc:datafield ind1="1" ind2=" " tag="520">
      <marc:subfield code="a">In Ergänzung des "Berichts zur Lage der Welt" bietet die jüngste Ausgabe der "Vital Signs" nicht weniger als 54, von 17 Verfassern erarbeitete Trends zur ökologischen und sozialen Entwicklung unseres Planeten. Einleitend diagnostiziert Lester R. Brown eine Reihe - mehrheitlich zur Sorge Anlaß gebender Befunde, etwa das jährliche Bevölkerungswachstum von 80 Mio. Menschen (entspricht der monatlichen Zunahme der Weltbevölkerung um die Einwohnerzahl Schwedens) oder das unverminderte Anwachsen der Städte mit mehr als 1 Mio. Bewohnern. Während um 1800 nur London diese Einwohnerzahl erreichte, gibt es gegenwärtig nicht weniger als 326 Kommunen von zumindest diesem Ausmaß. Als größte Herausforderungen des vergangenen Jahres werden die verheerenden Brände in Indonesien, begleitet vom Niedergang der Wirtschaft sowie Obdachlosen und Kranken in Millionenhöhe, die unvermindert anhaltende Erwärmung der Erde und das ungebremste Artensterben angeführt: So sind etwa 11 Prozent aller Vögel- und gar 34 Prozent aller Fischarten vom Aussterben bedroht. Positiv hingegen schlägt u. a. das überproportionale Anwachsen der Windenergie (plus 25 Prozent im Jahr 1997) und die - wenngleich durchaus ambivalent zu beurteilende - rasante Entwicklung der Telekommunikation zu Buche: die Zahl der terrestrischen Telefonanschlüsse ist seit 1960 um das 8-fache gestiegen, pro Halbjahr verdoppelt sich die Zahl der Handybenützer und haben derzeit mehr als 100 Mio. Menschen Zugang zu Internet (über die Hälfte davon allein in den USA). Teil 1 dieses Kompendiums verzeichnet auf jeweils 2 Seiten insgesamt 38 "Schlüsselindikatoren" zu den Bereichen Ernährung, Landwirtschaft, Energie, Atmosphäre, Ökonomie, Transport, Kommunikation, Soziale Entwicklung und (Ab)Rüstung. Einer jeweils einseitigen Darstellung der Trends sind (auf der gegenüberliegenden Seite) aussagekräftige Grafiken beigefügt, wodurch sich zentrale Inhalte aufs vorzüglichste mit einer aussagekräftigen Darstellung der Thematik verbinden. Teil 2 bietet weitere 16 "Special Features", denen jeweils etwas mehr Raum gegeben wird und die mehrheitlich mit tabellarisch gestalteten, empirischen Daten angereichert sind. Von den vier Bereichen Ökologie, Ökonomie, Soziales und Militär seien zwei Tendenzen angeführt, die - bei allem berechtigten Anlaß zur Sorge - doch auch als Erfolg auf dem Weg zu einer zukunftsfähigen Entwicklung verzeichnet werden können: Der Einführung eines ökologisch orientierten Steuersystem in einigen europäischen Staaten (namentlich genannt werden Schweden, Dänemark, Spanien, die Niederlande und GB) messen die Autoren ebenso große Bedeutung zu wie den zunehmend erfolgreichen Bemühungen um die Ausbildung von Frauen und Mädchen vor allem in der "Dritten Welt".</marc:subfield>
   </marc:datafield>
   <marc:datafield ind1=" " ind2=" " tag="020">
      <marc:subfield code="a">0393317625</marc:subfield>
      <marc:subfield code="9">0393317625</marc:subfield>
   </marc:datafield>
   <marc:datafield ind1="0" ind2=" " tag="490">
      <marc:subfield code="v">0</marc:subfield>
   </marc:datafield>
   <marc:datafield ind1=" " ind2=" " tag="300">
      <marc:subfield code="a">207 S.</marc:subfield>
   </marc:datafield>
</marc:record>
